The automobile industry in India; (Record no. 71669)

MARC details
000 -LEADER
fixed length control field 00841cam a22002651 4500
001 - CONTROL NUMBER
control field sa 66008133
003 - CONTROL NUMBER IDENTIFIER
control field DLC
005 - DATE AND TIME OF LATEST TRANSACTION
control field 20260227112310.0
008 - FIXED-LENGTH DATA ELEMENTS--GENERAL INFORMATION
fixed length control field 800324s1966 ii a b 000 0 eng
010 ## - LIBRARY OF CONGRESS CONTROL NUMBER
LC control number sa 66008133
025 ## - OVERSEAS ACQUISITION NUMBER
Overseas acquisition number PL480:I-E-7033
035 ## - SYSTEM CONTROL NUMBER
System control number (OCoLC)6122018
040 ## - CATALOGING SOURCE
Original cataloging agency DLC
Transcribing agency NBuU
Modifying agency DLC
042 ## - AUTHENTICATION CODE
Authentication code premarc
050 00 - LIBRARY OF CONGRESS CALL NUMBER
Classification number HD9710.I42
Item number H5
082 ## - DEWEY DECIMAL CLASSIFICATION NUMBER
Classification number 338.4762920954
110 2# - MAIN ENTRY--CORPORATE NAME
Corporate name or jurisdiction name as entry element Hindustan Motors Ltd.
Subordinate unit Department of Economic and Market Research.
245 14 - TITLE STATEMENT
Title The automobile industry in India;
Remainder of title a study.
260 ## - PUBLICATION, DISTRIBUTION, ETC.
Place of publication, distribution, etc. Calcutta
Date of publication, distribution, etc. [1967]
300 ## - PHYSICAL DESCRIPTION
Extent 102 p.
Other physical details illus.
Dimensions 24 cm.
500 ## - GENERAL NOTE
General note "Prepared by Dr. N. Das ... in collaboration with Mr. Tapan Piplai and Dr. M. K. Raina."
504 ## - BIBLIOGRAPHY, ETC. NOTE
Bibliography, etc. note Bibliography: p. 101-102.
650 #0 - SUBJECT ADDED ENTRY--TOPICAL TERM
Topical term or geographic name entry element Automobile industry and trade
Geographic subdivision India.
700 1# - ADDED ENTRY--PERSONAL NAME
Personal name Das, Nabagopal,
Dates associated with a name 1910-

No items available.

Powered by Koha